000 00595nam a2200229 i 4500
003 DO-SdBNP
005 20231031143126.0
007 ta
008 110113s2003 sp r 000 f spa d
040 _aDO-SdBNP
_bspa
_cBNPHU
_erda
082 _bA366
_222
245 1 0 _aAlegráte en el señor
264 1 _aSanto Domingo :
_bEdiciones MSC
_c2003.
300 _a344 páginas
_c15 cm.
336 _2rdacontent
_atexto
_btxt
337 _2rdamedia
_asin mediación
_bn
338 _2rdacurrier
_avolumen
_bnc
520 _a
590 _aInventariado, 2023/ DG
910 _aDG
942 _2ddc
_cLBS1
999 _c55210
_d55210